Aritrika (Record no. 514894)

000 -LEADER
fixed length control field 00308nam a22001337a 4500
020 ## - INTERNATIONAL STANDARD BOOK NUMBER
International Standard Book Number 9788193732304
082 ## - DEWEY DECIMAL CLASSIFICATION NUMBER
Classification number A3 M733
100 ## - MAIN ENTRY--PERSONAL NAME
Personal name Molishree
9 (RLIN) 19892
245 ## - TITLE STATEMENT
Title Aritrika
Statement of responsibility, etc by Molishree
260 ## - PUBLICATION, DISTRIBUTION, ETC. (IMPRINT)
Place of publication, distribution, etc New Delhi
Name of publisher, distributor, etc Maarigold
Date of publication, distribution, etc 2018
300 ## - PHYSICAL DESCRIPTION
Extent 310p.
650 ## - SUBJECT ADDED ENTRY--TOPICAL TERM
Topical term or geographic name as entry element Drama
9 (RLIN) 22008
650 ## - SUBJECT ADDED ENTRY--TOPICAL TERM
Topical term or geographic name as entry element Fiction
9 (RLIN) 22009
Holdings
Withdrawn status Lost status Source of classification or shelving scheme Damaged status Koha normalized classification for sorting Not for loan Permanent location Current location Shelving location Date acquired Full call number Barcode Date last seen Price effective from Koha item type
        A_3_000000000000000_M733   Indian Institute of Public Administration Indian Institute of Public Administration On Display 2020-12-29 A3 M733 88471 2020-12-29 2020-12-29 Book
        A_3_000000000000000_M733C_2   Indian Institute of Public Administration Indian Institute of Public Administration On Display 2020-12-29 A3 M733\c.2 88472 2020-12-29 2020-12-29 Book

Powered by Koha